000 00681nam a2200289Ia 4500
005 20260324112339.0
008 008 260324s9999 xx 000 0 eng d
020 _a9781003563242
037 _aEBOOK
040 _aCRL
040 _beng
040 _cCRL
041 _2eng
041 _aeng
084 _qCRL
100 _aLee Ann Montanaro; Alberto Stefana
_91142317
245 0 _aPsychorealism
245 4 _bThe Sluicegate of the Senses
260 _bTaylor and Francis
260 _c2024
365 _a
365 _b205
856 _uhttp://www.taylorfrancis.com/books/9781003563242
942 _cEBOOK
999 _c1731484
_d1731484